Drevený pokus Peter Zoričák

Bibliographic Details
Main Author: Zajíčková, Mária, 1951- (Author)
Format: Article
Language:Slovak
PhysicalDescription:Fotogr.
ISSN:1335-5457
Subjects:

MARC

LEADER 00000nab a2200000 a 4500
001 vtls001490185
003 SK-MaSNL
005 20260304144244.0
008 250505c2004 xo qr|p|||||||000 b|slo
015 |a SNBRB2005/01  |2 snkbucl 
035 |a (uuid)7161f9f7-c875-495c-b4d5-8151e7e8163e 
035 |a urn:nbn:sk:snk-ab2xx2 
035 |a (urnnbn)urn:nbn:sk:snk:ar-a0335j 
038 |a SNKBUCL 
040 |a SNKBUCL  |b slo  |c SNKBUCL  |e AACR2 
041 0 |a slo 
044 |a xo  |c SK 
080 |a 745.51.071.1  |2 1997 
100 1 |a Zajíčková, Mária,  |d 1951-  |4 aut  |9 114188 
245 1 0 |a Drevený pokus  |b Peter Zoričák  |c Mária Zajíčková 
300 |b Fotogr. 
600 1 7 |a Zoričák, Peter,  |d 1954-  |2 snkbucl  |9 647248 
773 0 |t Remeslo, umenie, dizajn  |g Roč. 5, č. 4 (2004), s. 52-54  |x 1335-5457 
850 |a Slovenská národná knižnica 
852 |a Slovenská národná knižnica 
958 |a article27 
958 |a OND 
958 |a EUIPO 
999 |c 2930256  |d 2932186